[Event "Ruhrgebiet Verbandsliga Gruppe 2 1819"]
[Site "Nordrheinwestfalen"]
[Date "2018.10.07"]
[Round "2.7"]
[White "Winzbeck, Frank"]
[Black "Kreitling, Oliver"]
[Result "1-0"]
[WhiteElo "1861"]
[BlackElo "1824"]
[PlyCount "75"]
[EventDate "2018.09.23"]
[EventType "team-tourn"]
[EventRounds "9"]
[EventCountry "GER"]
[SourceTitle "EXT 2022"]
[Source "ChessBase"]
[SourceDate "2021.10.06"]
[SourceVersion "1"]
[SourceVersionDate "2021.10.06"]
[SourceQuality "1"]
[WhiteTeam "Gladbeck SG"]
[BlackTeam "Buer SF"]
[WhiteTeamCountry "GER"]
[BlackTeamCountry "GER"]

1. d4 d5 2. c4 e6 3. Nf3 Nf6 4. Nc3 Be7 5. Bg5 h6 6. Bh4 0-0 7. e3 Nbd7 8. Bd3 dxc4 9. Bxc4 b6 10. 0-0 Bb7 11. a4 a5 12. Qe2 Ne4 13. Bxe7 Qxe7 14. Rac1 Ndf6 15. Ne5 Qb4 16. Bb5 Nd6 17. Nc6 Qb3 18. Rfd1 Nxb5 19. Qxb5 Qxb5 20. Nxb5 Nd5 21. Nxc7 Nxc7 22. Ne7+ Kh7 23. Rxc7 Ba6 24. Rdc1 b5 25. b3 bxa4 26. bxa4 Bd3 27. h3 Rfb8 28. Nc6 Rf8 29. Rc5 Be2 30. Na7 Rfb8 31. Rxf7 Rb1+ 32. Kh2 Kg6 33. Rcc7 Ra1 34. Rxg7+ Kf5 35. f3 Rf8 36. Nc6 Rxa4 37. g4+ Kf6 38. Ne5 1-0

[Event "Ruhrgebiet Verbandsliga Gruppe 2 1718"]
[Site "Germany"]
[Date "2018.03.18"]
[Round "8.8"]
[White "Winzbeck, Frank"]
[Black "Galle, Wolfgang"]
[Result "1-0"]
[WhiteElo "1850"]
[BlackElo "1736"]
[PlyCount "69"]
[EventDate "2017.09.17"]
[EventType "team-tourn"]
[EventRounds "9"]
[EventCountry "GER"]
[SourceTitle "EXT 2022"]
[Source "ChessBase"]
[SourceDate "2021.10.06"]
[SourceVersion "1"]
[SourceVersionDate "2021.10.06"]
[SourceQuality "1"]
[WhiteTeam "Gladbeck SG"]
[BlackTeam "Muelheim SC"]
[WhiteTeamCountry "GER"]
[BlackTeamCountry "GER"]

1. d4 d6 2. c4 Nd7 3. e4 e5 4. d5 a5 5. g3 Ngf6 6. Nc3 Nc5 7. Bg2 Be7 8. Nge2 0-0 9. 0-0 Nfd7 10. f4 exf4 11. Bxf4 Bf6 12. Qd2 Ne5 13. b3 Qe7 14. Nd4 Bd7 15. Rab1 Rfb8 16. a3 g6 17. b4 axb4 18. axb4 Na4 19. Bxe5 Bxe5 20. Nce2 Nb6 21. Rfc1 Ra6 22. c5 dxc5 23. bxc5 Na4 24. Qb4 b6 25. Ra1 Rba8 26. d6 cxd6 27. c6 Bc8 28. Nb5 Nc5 29. Rxa6 Rxa6 30. Rd1 Ra4 31. Qd2 Ba6 32. Nec3 Ra5 33. Nxd6 Bxc3 34. Qxc3 Ne6 35. e5 1-0

[Event "Ruhrgebiet Regionalliga 1516"]
[Site "Germany"]
[Date "2015.10.18"]
[Round "2.7"]
[White "Winzbeck, Frank"]
[Black "Reisberg, Andre"]
[Result "0-1"]
[WhiteElo "1915"]
[BlackElo "1979"]
[PlyCount "78"]
[EventDate "2015.09.13"]
[EventType "team-tourn"]
[EventRounds "9"]
[EventCountry "GER"]
[SourceTitle "EXT 2022"]
[Source "ChessBase"]
[SourceDate "2021.10.06"]
[SourceVersion "1"]
[SourceVersionDate "2021.10.06"]
[SourceQuality "1"]
[WhiteTeam "Gladbeck SG"]
[BlackTeam "Brackel SF"]
[WhiteTeamCountry "GER"]
[BlackTeamCountry "GER"]

1. d4 d5 2. c4 c6 3. Nf3 Nf6 4. Nc3 e6 5. Bg5 h6 6. Bh4 dxc4 7. a4 Bb4 8. Qc2 Nbd7 9. e3 b5 10. Be2 Bb7 11. 0-0 a6 12. Ne5 Qb6 13. Bf3 Nxe5 14. dxe5 Nd7 15. Qe4 Nc5 16. Qg4 g5 17. Bg3 Bxc3 18. bxc3 Nxa4 19. h4 Nxc3 20. hxg5 Rg8 21. Qh5 hxg5 22. Qh7 Rf8 23. Qg7 0-0-0 24. Qxg5 c5 25. Bxb7+ Qxb7 26. Rfe1 Rg8 27. Qh5 Ne4 28. Red1 Nxg3 29. fxg3 Rd3 30. Kf2 Rgd8 31. Qe2 Rxd1 32. Rxd1 Rxd1 33. Qxd1 Qd7 34. Qf3 Kb8 35. Ke1 c3 36. Qe2 Qd2+ 37. Qxd2 cxd2+ 38. Kxd2 a5 39. g4 a4 0-1

[Event "Ruhrgebiet VL2 0001"]
[Site "Ruhrgebiet"]
[Date "2000.09.17"]
[Round "1"]
[White "Winzbeck, Frank"]
[Black "Naumann, Klaus"]
[Result "1/2-1/2"]
[WhiteElo "1869"]
[BlackElo "1995"]
[PlyCount "161"]
[EventDate "2000.09.17"]
[EventType "team-tourn"]
[EventRounds "9"]
[EventCountry "GER"]
[SourceTitle "EXT 2023"]
[Source "ChessBase"]
[SourceDate "2022.10.05"]
[SourceVersion "1"]
[SourceVersionDate "2022.10.05"]
[SourceQuality "1"]
[WhiteTeam "Gladbeck SG"]
[BlackTeam "Dortmund Hansa III"]
[WhiteTeamCountry "GER"]
[BlackTeamCountry "GER"]

1. d4 Nf6 2. c4 c5 3. d5 b5 4. cxb5 a6 5. bxa6 Bxa6 6. g3 d6 7. Bg2 g6 8. Nc3 Bg7 9. Nh3 0-0 10. 0-0 Nbd7 11. Qc2 Qa5 12. Bd2 Rfb8 13. Ng5 Qb6 14. Rab1 Ne8 15. f4 h6 16. Nge4 Nc7 17. f5 g5 18. h4 Bd4+ 19. Kh1 f6 20. Rfd1 Bb7 21. e3 Be5 22. Be1 Qa6 23. b4 Qc4 24. Kg1 Bxc3 25. Qxc3 Qxc3 26. Nxc3 Ra3 27. bxc5 Nxc5 28. hxg5 hxg5 29. Rd4 Rba8 30. Rdb4 R8a7 31. e4 Ba6 32. Bd2 Bd3 33. Rb8+ Kf7 34. R1b2 N7a6 35. R8b6 Na4 36. Nxa4 Rxa4 37. Be3 Rc7 38. Rc6 Rd7 39. Rbb6 Rxa2 40. Rc8 Rc7 41. Rxa6 Rxg2+ 42. Kxg2 Bxe4+ 43. Kf2 Rxc8 44. Rc6 Rb8 45. Rb6 Ra8 46. g4 Ra2+ 47. Kg3 Bxd5 48. Rb4 Re2 49. Bb6 Ke8 50. Rd4 Bc6 51. Rd3 Kd7 52. Ra3 Kc8 53. Ra7 Bb7 54. Ra3 Rc2 55. Re3 Kd7 56. Ba5 Rc4 57. Bc3 Be4 58. Ba5 Ra4 59. Bc3 Bc2 60. Re1 Ra3 61. Re3 Bd1 62. Rd3 Kc6 63. Re3 Kd5 64. Bd2 Rxe3+ 65. Bxe3 e5 66. fxe6 Kxe6 67. Bd4 Kf7 68. Bc3 Kg6 69. Bd4 Bxg4 70. Kxg4 f5+ 71. Kg3 Kh5 72. Be3 Kg6 73. Bd4 Kf7 74. Kf3 Ke6 75. Bb6 Ke5 76. Bc7 Ke6 77. Bd8 g4+ 78. Kf4 d5 79. Bb6 Kd6 80. Kxf5 g3 81. Kf4 1/2-1/2